| 000 | 01013nam a2200229 a 4500 | ||
|---|---|---|---|
| 001 | 49239 | ||
| 003 | BD-RjUL | ||
| 005 | 20211209054644.0 | ||
| 008 | 160818s1975 II ||||| |||| 00| 0 ben d | ||
| 035 | _a(BD-RjUL)49358 | ||
| 040 |
_aBD-RjUL _bben _cBD-RjUL |
||
| 041 | _aben | ||
| 082 |
_223 _a891.4409 _bBHS 1975 |
||
| 100 | 1 |
_aভট্টাচার্য, কুমুদকুমার _9127941 |
|
| 245 | 1 | 0 |
_aশরৎচন্দ্র ও বাংলার কৃষক / _cকুমুদকুমার ভট্টাচার্য |
| 260 |
_aকলকাতা : _bচিরায়ত প্রকাশন প্রাইভেট লিমিটেড, _c১৯৭৫ |
||
| 300 |
_a[১২], ১১৩ পৃ. _c২১ সেমি. |
||
| 500 | _aনির্ঘণ্ট সংযুক্ত | ||
| 650 |
_aবাংলা সাহিত্য _xইতিহাস ও সমালোচনা _9147972 |
||
| 650 |
_aBengali Literature _xHistory and Criticism _9147973 |
||
| 942 |
_2ddc _cBK |
||
| 999 |
_c49239 _d49239 |
||